Wireless application protocol: Writing applications for the mobile internet (Record no. 895)

MARC details
000 -LEADER
fixed length control field 00513nam a2200169Ia 4500
008 - FIXED-LENGTH DATA ELEMENTS--GENERAL INFORMATION
fixed length control field 130318s9999 xx 000 0 und d
020 ## - INTERNATIONAL STANDARD BOOK NUMBER
International Standard Book Number 8178082438
082 ## - DEWEY DECIMAL CLASSIFICATION NUMBER
Classification number 004.62 SIN/W
100 ## - MAIN ENTRY--PERSONAL NAME
Personal name Singhal, Sandeep
245 ## - TITLE STATEMENT
Title Wireless application protocol: Writing applications for the mobile internet
260 ## - PUBLICATION, DISTRIBUTION, ETC.
Name of publisher, distributor, etc. Pearson Education
Place of publication, distribution, etc. New Delhi
Date of publication, distribution, etc. 2005
300 ## - PHYSICAL DESCRIPTION
Extent 698
650 ## - SUBJECT ADDED ENTRY--TOPICAL TERM
Topical term or geographic name entry element COMMUNICATION PROTOCOL
650 ## - SUBJECT ADDED ENTRY--TOPICAL TERM
Topical term or geographic name entry element WIRELESS APPLICATION PROTOCOL
700 ## - ADDED ENTRY--PERSONAL NAME
Personal name Bridgman, Thomas
700 ## - ADDED ENTRY--PERSONAL NAME
Personal name Suryanarayana, Lalitha
Holdings
Withdrawn status Lost status Damaged status Not for loan Collection code Home library Current library Shelving location Date acquired Cost, normal purchase price Total Checkouts Full call number Barcode Date last seen Price effective from Koha item type
        TCP/ IP /Internet of Things / IOT Kerala University of Digital Sciences, Innovation and Technology Knowledge Centre Kerala University of Digital Sciences, Innovation and Technology Knowledge Centre Computer Science 18/03/2013 424.00   004.62 SIN/W 902 18/03/2013 18/03/2013 Books